đź“– 150 premiers mots "Bed bug" Katherine Pancol - Statistiques

Statistiques générales
  • Ce quiz a Ă©tĂ© pris 6 fois
  • Le rĂ©sultat moyen est 85 sur 150
Statistiques - réponses
Mots % Correct
Ă 
100%
Alsace
100%
d'
100%
de
100%
des
100%
du
100%
Elle
100%
elle
100%
il
100%
Il
100%
l'
100%
la
100%
Lamprobiza
100%
Lampyridae,
100%
le
100%
Le
100%
Leo
100%
les
100%
New York.
100%
oĂą
100%
pour
100%
qu'
100%
que
100%
qui
100%
splendidula,
100%
avaient
75%
avait
75%
avant
75%
avec,
75%
c'
75%
en
75%
et
75%
était
75%
ils
75%
mardi
75%
petite
75%
Rose
75%
s'
75%
sa
75%
se
75%
soir
75%
son
75%
un
75%
une
75%
bonne
50%
ces ...
50%
cette
50%
demandé
50%
famille
50%
huit
50%
idée
50%
invita
50%
jours
50%
leur
50%
passé
50%
ses
50%
si
50%
sur
50%
vivait
50%
aussitĂ´t
25%
dîner
25%
dîner.
25%
fallait
25%
invite,
25%
inviter
25%
journée
25%
mains
25%
manière
25%
action
0%
balançant
0%
blouse
0%
calculé
0%
cancer
0%
collaboration,
0%
courtoisie,
0%
cutanés.
0%
découverte.
0%
défroissé
0%
dépassait
0%
directeur
0%
étudier
0%
exact
0%
exploiter
0%
froissé
0%
frottait
0%
hésité,
0%
labo
0%
laboratoire
0%
luciole
0%
manteau,
0%
marches
0%
molécule
0%
mordillé
0%
Noël.
0%
nombre
0%
ongles,
0%
outre,
0%
pan
0%
produisait
0%
prometteuse
0%
question
0%
régénérante
0%
repartait
0%
restait
0%
souligner
0%
tissus
0%
traitement
0%
Aucun quiz correspondant
Distribution des résultats
% des personnes avec chaque résultat
Percentile par nombre de réponses
Votre historique - résultats
Vous n’avez pas pris ce quiz